التأصيل البياني لفقه الشريعة وإشكالياته : (رقم التسجيلة. 28126)
[ عرض عادي ]
| 000 -الفاتح | |
|---|---|
| حقل البيانات ثابتة الطول | 00899nam a2200217 a 4500 |
| 003 - محدد رقم الضبط | |
| رقم الضبط | OSt |
| 005 - وقت وتاريخ اخر تعامل مع التسجيلة | |
| رقم الضبط | 20150408114119.0 |
| 008 - عناصر البيانات ثابتة الطول - معلومات عامة | |
| حقل البيانات ثابتة الطول | 130224s2008 ti g b 000 0 ara d |
| 020 ## - الرقم الدولى المعيارى للكتب | |
| الرقم الدولى المعيارى للكتاب | 9789973881335 |
| 040 ## - مصدر الفهرسة | |
| وكالة الفهرسة الأصلية | Ma-Un |
| 082 04 - رقم تصنيف ديوى العشرى | |
| رقم الطبعة | 21 |
| رقم التصنيف | 250 |
| رقم المادة | ط م ت |
| 100 1# - المدخل الرئيسى - إسم شخصى | |
| 9 (RLIN) | 21628 |
| الإسم الشخصى | طاع الله، محمد. |
| 245 12 - بيان العنوان | |
| العنوان | التأصيل البياني لفقه الشريعة وإشكالياته : |
| بقية العنوان | محاولة حفر في لحظة التأسيس / |
| بيان المسئوليه,etc | محمد طاع الله. |
| 260 ## - PUBLICATION, DISTRIBUTION, ETC. (IMPRINT) | |
| مكان الناشر او الموزع | تونس : |
| اسم الناشر او الموزع | ميسكيلياني للنشر، |
| مكان الناشر او الموزع | القيروان، تونس : |
| اسم الناشر او الموزع | كلية الآداب والعلوم الإنسانية، |
| تاريخ النشر أو التوزيع | 2008 |
| -- | [1428] |
| 300 ## - الوصف المادى | |
| التعداد | 326 ص. ؛ |
| أبعاد الوعاء | 24 سم. |
| 490 0# - بيان السلسلة | |
| عنوان السلسلة | سلسلة أفكار |
| 504 ## - تبصرة ببليوجرافية | |
| تبصرة ببليوجرافية,الخ | ببليوجرافية : ص. 317-322. |
| 650 #7 - المدخل الاضافى بالموضوع-مصطلح موضوعى | |
| مصطلح موضوعي أو اسم جغرافي كعنصر مدخل | الفقه الإسلامي |
| مصدر الرأس أو المصطلح | aucsh |
| 9 (RLIN) | 21695 |
| 650 #7 - المدخل الاضافى بالموضوع-مصطلح موضوعى | |
| مصطلح موضوعي أو اسم جغرافي كعنصر مدخل | الشريعة الإسلامية |
| مصدر الرأس أو المصطلح | aucsh |
| 942 ## - عناصر المدخل الإضافي( كوها) | |
| مصدر التصنيف او مخطط الترفيف | Dewey Decimal Classification |
| Koha [default] item type | كتاب |
| حالة الفقد | نموذج السعر الفعال | حالة تلف | ليس للاعارة | رقم الطلب | رقم النسخة | تاريخ الاكتساب | الموقع الحالي | الباركود | الفرع الرئيسي | Date last seen | نوع المادة فى نظام كوها | مصدر التصنيف او خطة الترفيف | Total Checkouts |
|---|---|---|---|---|---|---|---|---|---|---|---|---|---|
| 2013-03-25 | Not For Loan | 250 ط م ت | 1 | 2013-03-25 | المكتبة المركزية بالمجمعة (CL) | 00204008 | المكتبة المركزية بالمجمعة (CL) | 2013-03-25 | كتاب | Dewey Decimal Classification | |||
| 2013-03-25 | 250 ط م ت | 2 | 2013-03-25 | المكتبة المركزية بالمجمعة (CL) | 00204009 | المكتبة المركزية بالمجمعة (CL) | 2013-03-25 | كتاب | Dewey Decimal Classification | ||||
| 2013-03-25 | 250 ط م ت | 3 | 2013-03-25 | المكتبة المركزية بالمجمعة (CL) | 00204010 | المكتبة المركزية بالمجمعة (CL) | 2013-03-25 | كتاب | Dewey Decimal Classification | ||||
| 2013-03-20 | Not For Loan | 250 ط م ت | 1 | 2013-03-20 | مكتبة مجمع الكليات بالزلفى - طلاب (SZM) | 00200583 | مكتبة مجمع الكليات بالزلفى - طلاب (SZM) | 2013-03-20 | كتاب | Dewey Decimal Classification |
